000
nam a22 7a 4500
999
_c
46828
_d
46828
003
OSt
005
20190425113721.0
008
190425b xxu||||| |||| 00| 0 eng d
040
_c
sero soft
100
_a
ed.gupta,Asha
245
_a
Private higher education
260
_a
Delhi
_b
Shipra
300
_a
306
942
_2
ddc
_c
02